00326pam a2200145a 44500008004100000020000900041041001200050082000900062100001700071245004100088250000600129260002700135300000900162650000900171230515b1992 xxu||||| |||| 00| 0 eng d aNULL aENGLISH aN.D. aBansal R. K. aFluid Mechanics & Hydraulic Machines a0 aNULLbLaxmi Pub.c1992 a1228 aNULL